• 首页
  • 本馆介绍
  • 公告通知
  • 最新文献
  • 馆藏检索
  • 电子资源
  • 读者导购
  • 参考咨询
  • 我的图书馆
  • 登录
  • 期刊详细显示
  • 现刊情况显示
  • 合订本情况显示
  • 篇目信息显示

期刊信息

  • 表格格式
  • 工作单格式
  • 卡片格式
索取号 
J6/YFXSH
题名 
乐府新声—沈阳音乐学院学报
作者 
乐府新声—沈阳音乐学院学报编辑部
分册号 
分册名 
出版地 
辽宁
出版者 
乐府新声—沈阳音乐学院学报编辑部
标准刊号 
1001-5736
出版频率 
月刊
中图法分类 
J6
主题词 
音乐
电子资源 
000 00744nas0 2200217 45
001 0552754062
005 20141222111728.31
010    @d4.50
011    @a1001-5736
091    @aCN21-1080/J
092    @b8-153
100    @a20051129d km y0chiy0120 ea
101 0  @achi
200 1  @a乐府新声—沈阳音乐学院学报@AYue Fu Xin Sheng—Shen Yang Yin Yue Xue Yuan Xue Bao@f乐府新声—沈阳音乐学院学报编辑部@FYue Fu Xin Sheng—Shen Yang Yin Yue Xue Yuan Xue Bao Bian Ji Bu
210    @a辽宁@c乐府新声—沈阳音乐学院学报编辑部
326    @a月刊
606 0  @a音乐
690    @aJ6@v4
711  0 @a乐府新声—沈阳音乐学院学报编辑部@AYue Fu Xin Sheng—Shen Yang Yin Yue Xue Yuan Xue Bao Bian Ji Bu
801  0 @aCN@bPFT@c20070331
905    @aTJWY@dJ6@eYFXSH
    
    乐府新声—沈阳音乐学院学报/乐府新声—沈阳音乐学院学报编辑部.-辽宁:乐府新声—沈阳音乐学院学报编辑部
    
    
    
    4.50 ISSN 1001-5736
    
●
相关链接: 在易读查询期刊 在中国知网中查询期刊 在万方数据查询期刊 在维普查询期刊
唐山师范学院图书馆 欢迎您!
大连网信软件有限公司© 版权所有